Nicole Kidman Movies - Sudden Death - Statistics

General Stats
  • This quiz has been taken 197 times
  • The average score is 7 of 18
Answers on the Grid
Answers color-coded by a green-red scale on the quiz's grid according to % correct below.
The Peacemaker
Birth
The Lobster
The Others
Batman Forever
The Talented Mr. Ripley
The Northman
In the Cut
Moulin Rouge!
Boy Erased
Dogtooth
Far and Away
My Brilliant Career
Babygirl
Eyes Wide Shut
Walkabout
The Beguiled
Disclosure
Paddington
Lion
To Die For
Batman & Robin
The Hours
Destroyer
Being the Ricardos
The Squid and the Whale
Bram Stoker’s Dracula
My Life
 
Answer Stats
Answer % Correct
Moulin Rouge!
79%
Eyes Wide Shut
72%
The Others
64%
The Hours
56%
Babygirl
55%
Lion
45%
Batman Forever
43%
Far and Away
43%
The Peacemaker
37%
Being the Ricardos
36%
The Northman
31%
To Die For
31%
Birth
28%
Boy Erased
26%
The Beguiled
26%
Paddington
24%
My Life
21%
Destroyer
12%
No matching quizzes found
Score Distribution
Percent of People with Each Score
Percentile by Number Answered
Your Score History
You have not taken this quiz